00567nam a22001937a 450000500170000001000260001702000260004303500170006903500140008603500140010003700160011403700130013008200130014324500720015626000380022827000620026630000250032850000200035320241024140959.0 aENG-122659 ENG-142353 a9788178245119c595.00 aB-682563-568 aEN-125885 aEN-106191 bAakar adpl bDBAD/PUB a305.5688 aDalit studies/cedited by Ramnarayan S. Rawat and K. Satyanarayana  aRanikhet bPermanent Black c2017 aHimalayana, Mall Road, Ranikhet Cantt. bRanikhete263645v axii,304p.c21cm(pbk) aIncludes index